Wszyscy piłkarze, którzy zdobyli nagrodę Golden Boy - Statystyki

Ogólne statystyki
  • Ten quiz został rozwiązany 274 razy
    40 od ostatniego zresetowania
  • Średni wynik to 18 z 23
Statystyki odpowiedzi
Rok Klub, Narodowość Zawodnik % Poprawnych
2020 Borussia Dortmund, Norwegia Erling Braut Håland
95%
2023 Real Madryt, Anglia Jude Bellingham
95%
2017 AS Monaco/Paris Saint-Germain, Francja Kylian Mbappé
95%
2021 FC Barcelona, Hiszpania Pedri
95%
2019 Atlético Madryt, Portugalia João Félix
92%
2024 FC Barcelona, Hiszpania Lamine Yamal
92%
2005 FC Barcelona, Argentyna Leo Messi
92%
2022 FC Barcelona, Hiszpania Gavi
90%
2013 Juventus, Francja Paul Pogba
85%
2025 Paris Saint-Germain, Francja Désiré Doué
79%
2010 Manchester City, Włochy Mario Balotelli
77%
2018 AFC Ajax, Holandia Matthijs de Ligt
74%
2007 Atlético Madryt, Argentyna Sergio Agüero
74%
2004 Manchester United, Anglia Wayne Rooney
74%
2009 A.C. Milan, Brazylia Alexandre Pato
72%
2015 Manchester United, Francja Anthony Martial
69%
2016 Bayern Monachium, Portugalia Renato Sanches
69%
2012 Málaga CF, Hiszpania Isco
67%
2011 Borussia Dortmund, Niemcy Mario Götze
67%
2006 Arsenal, Hiszpania Cesc Fàbregas
64%
2014 Liverpool, Anglia Raheem Sterling
59%
2008 Manchester United, Brazylia Anderson
54%
2003 AFC Ajax, Holandia Rafael van der Vaart
46%
Nie znaleziono quizów pasujących do podanych kryteriów
Rozkład punktacji
Procent ludzi z każdym wynikiem
Percentyl według liczby udzielonych odpowiedzi
Twoja historia wyników
Nie rozwiązałeś tego quizu od ostatniego zresetowania